[Event "EU-chT (Women) 19th"]
[Site "Warsaw"]
[Date "2013.11.16"]
[Round "8.15"]
[White "Savola, Laura"]
[Black "Yildiz Kadioglu, Betul Cemre"]
[Result "0-1"]
[WhiteElo "2076"]
[BlackElo "2291"]
[PlyCount "86"]
[EventDate "2013.11.08"]
[EventType "team-swiss"]
[EventRounds "9"]
[EventCountry "POL"]
[SourceTitle "EXT 2014"]
[Source "ChessBase"]
[SourceDate "2013.11.20"]
[SourceVersion "1"]
[SourceVersionDate "2013.11.20"]
[SourceQuality "1"]
[WhiteTeam "Finland (W)"]
[BlackTeam "Turkey (W)"]
[WhiteTeamCountry "FIN"]
[BlackTeamCountry "TUR"]

1. d4 Nf6 2. c4 e6 3. Nf3 b6 4. g3 Ba6 5. b3 d5 6. Bg2 dxc4 7. Ne5 Bb4+ 8. Kf1 Bd6 9. Bxa8 Bxe5 10. Bb2 c6 11. Na3 Qd5 12. Kg1 Bd6 13. bxc4 Bxc4 14. Nxc4 Qxc4 15. Rc1 Qb5 16. Qc2 0-0 17. Kg2 Be7 18. Rhe1 Nd5 19. Ba1 Qa5 20. e4 Nb4 21. Qc3 Qb5 22. Qc4 Qa4 23. Re2 Rc8 24. d5 e5 25. Bxe5 Nd7 26. Bxg7 Rxa8 27. dxc6 Nc5 28. Bc3 Nxc6 29. Qd5 Rd8 30. Qh5 Nd4 31. Re3 Qxa2 32. Qg4+ Kf8 33. Rd1 Qe6 34. Qh5 Nc2 35. Rxd8+ Bxd8 36. Rf3 Nxe4 37. Qxh7 Bf6 38. Bxf6 Ne1+ 39. Kh1 Nxf6 40. Qh8+ Ng8 41. Rc3 Qe4+ 42. f3 Nxf3 43. Kg2 Qe2+ 0-1

[Event "EU-chT (Women) 19th"]
[Site "Warsaw"]
[Date "2013.11.15"]
[Round "7.14"]
[White "Makropoulou, Marina"]
[Black "Savola, Laura"]
[Result "1-0"]
[WhiteElo "2234"]
[BlackElo "2076"]
[PlyCount "76"]
[EventDate "2013.11.08"]
[EventType "team-swiss"]
[EventRounds "9"]
[EventCountry "POL"]
[SourceTitle "EXT 2014"]
[Source "ChessBase"]
[SourceDate "2013.11.20"]
[SourceVersion "1"]
[SourceVersionDate "2013.11.20"]
[SourceQuality "1"]
[WhiteTeam "Greece (W)"]
[BlackTeam "Finland (W)"]
[WhiteTeamCountry "GRE"]
[BlackTeamCountry "FIN"]

1. e4 e6 2. d4 d5 3. Nc3 Bb4 4. e5 c5 5. dxc5 Ne7 6. Nf3 Nbc6 7. Bd3 Ng6 8. 0-0 0-0 9. Bg5 Qa5 10. Nb5 Bxc5 11. c3 Qb6 12. b4 Be7 13. Bxe7 Ncxe7 14. Nbd4 Bd7 15. Re1 f6 16. Qd2 fxe5 17. Nxe5 Nxe5 18. Rxe5 Rf6 19. Rae1 Raf8 20. R1e2 Ng6 21. Bxg6 Rxg6 22. Qe3 Rff6 23. g3 a6 24. h4 Bb5 25. Re1 Bd7 26. Kh2 Rf8 27. f4 a5 28. a3 axb4 29. axb4 Rc8 30. Qf3 Qa6 31. R1e2 Qc4 32. R2e3 Qa2+ 33. Qe2 Qxe2+ 34. Nxe2 Rf6 35. Nd4 Kf7 36. h5 g6 37. h6 Ke7 38. Rxd5 Bc6 1-0

[Event "EU-chT (Women) 19th"]
[Site "Warsaw"]
[Date "2013.11.10"]
[Round "3.13"]
[White "Savola, Laura"]
[Black "Jelica, Mara"]
[Result "1/2-1/2"]
[WhiteElo "2076"]
[BlackElo "2252"]
[PlyCount "108"]
[EventDate "2013.11.08"]
[EventType "team-swiss"]
[EventRounds "9"]
[EventCountry "POL"]
[SourceTitle "EXT 2014"]
[Source "ChessBase"]
[SourceDate "2013.11.20"]
[SourceVersion "1"]
[SourceVersionDate "2013.11.20"]
[SourceQuality "1"]
[WhiteTeam "Finland (W)"]
[BlackTeam "Croatia (W)"]
[WhiteTeamCountry "FIN"]
[BlackTeamCountry "CRO"]

1. d4 Nf6 2. c4 g6 3. Nc3 Bg7 4. g3 0-0 5. Bg2 d6 6. Nf3 c6 7. 0-0 Nbd7 8. h3 e5 9. e4 Re8 10. Re1 a5 11. Rb1 Qe7 12. b3 Bf8 13. Ba3 Qd8 14. Qc2 Qc7 15. Nd1 b6 16. Nb2 Ba6 17. Nd3 Bg7 18. Bb2 exd4 19. Nxd4 c5 20. Nb5 Bxb5 21. cxb5 Rac8 22. Rbd1 Ne5 23. Nf4 Rcd8 24. Nd5 Nxd5 25. Rxd5 f6 26. Red1 Nf7 27. Qc4 Kh8 28. Qd3 Qe7 29. Kh2 Kg8 30. Bc3 Bf8 31. Qf3 Bg7 32. Qd3 Bf8 33. Qf3 Bg7 34. Qd3 Ra8 35. a4 Rac8 36. Qc4 Kf8 37. Bb2 Rcd8 38. Qd3 Kg8 39. Qc4 Kh8 40. Qd3 Qe6 41. h4 h5 42. Qd2 Bf8 43. Bh3 Qe7 44. Bg2 Ne5 45. Bxe5 fxe5 46. Qe3 Kh7 47. Bh3 Qf6 48. Qe2 Be7 49. Qe3 Rf8 50. R1d2 Rf7 51. Bg2 Bf8 52. Qe2 Qe7 53. Kg1 Rf6 54. Qd1 Qf7 1/2-1/2

[Event "Rilton Cup 42nd"]
[Site "Stockholm"]
[Date "2013.01.05"]
[Round "9"]
[White "Savola, Laura"]
[Black "Wenzel, Birger"]
[Result "1/2-1/2"]
[WhiteElo "2079"]
[BlackElo "2092"]
[PlyCount "64"]
[EventDate "2012.12.27"]
[EventType "swiss"]
[EventRounds "9"]
[EventCountry "SWE"]
[SourceTitle "CBM 152 Extra"]
[Source "ChessBase"]
[SourceDate "2013.02.25"]
[SourceVersion "1"]
[SourceVersionDate "2013.02.25"]
[SourceQuality "1"]

1. d4 Nf6 2. c4 c5 3. d5 b5 4. cxb5 a6 5. b6 Qxb6 6. Nc3 g6 7. e4 d6 8. h3 Bg7 9. Nf3 0-0 10. Be2 Nbd7 11. 0-0 Rb8 12. Nd2 Qc7 13. a4 Rb4 14. Nc4 Nb6 15. Nxb6 Qxb6 16. a5 Qb7 17. Qc2 e6 18. e5 Nxd5 19. exd6 Bd7 20. Bf3 Bc6 21. Nxd5 Bxd5 22. Bxd5 Qxd5 23. Rd1 Bd4 24. Be3 e5 25. d7 Qxd7 26. Qxc5 Rb5 27. Bxd4 Rxc5 28. Bxc5 Qb5 29. Bxf8 Kxf8 30. Rd2 Qb4 31. Re2 f6 32. Rc2 Kg7 1/2-1/2

[Event "Rilton Cup 42nd"]
[Site "Stockholm"]
[Date "2013.01.01"]
[Round "5"]
[White "Kivimaki, Jaakko"]
[Black "Savola, Laura"]
[Result "1/2-1/2"]
[WhiteElo "2198"]
[BlackElo "2079"]
[PlyCount "84"]
[EventDate "2012.12.27"]
[EventType "swiss"]
[EventRounds "9"]
[EventCountry "SWE"]
[SourceTitle "CBM 152 Extra"]
[Source "ChessBase"]
[SourceDate "2013.02.25"]
[SourceVersion "1"]
[SourceVersionDate "2013.02.25"]
[SourceQuality "1"]

1. d4 d5 2. Nf3 Nf6 3. e3 Bg4 4. h3 Bh5 5. g4 Bg6 6. Ne5 Nfd7 7. Nxg6 hxg6 8. Bg2 c6 9. 0-0 e6 10. Nd2 Bd6 11. e4 Bf4 12. exd5 cxd5 13. c4 Nb6 14. b3 Nc6 15. Nf3 Qf6 16. c5 Nd7 17. Be3 g5 18. Qd2 Nf8 19. Bxf4 gxf4 20. b4 Ng6 21. b5 Nce7 22. Rac1 Rc8 23. Rc3 0-0 24. Rfc1 Rc7 25. a4 Ra8 26. Kh2 a6 27. Bf1 e5 28. dxe5 Nxe5 29. Nxe5 Qxe5 30. Re1 Qf6 31. Bg2 axb5 32. axb5 d4 33. Rd3 Rd8 34. Qe2 Ng6 35. c6 bxc6 36. Bxc6 Re7 37. Qd1 Ne5 38. g5 Qxg5 39. Rg1 Qf6 40. Rd2 Nxc6 41. bxc6 Qxc6 42. Rxd4 Rxd4 1/2-1/2

[Event "Rilton Cup 42nd"]
[Site "Stockholm"]
[Date "2012.12.27"]
[Round "1"]
[White "Kolbus, Dietmar"]
[Black "Savola, Laura"]
[Result "1-0"]
[WhiteElo "2302"]
[BlackElo "2079"]
[PlyCount "69"]
[EventDate "2012.12.27"]
[EventType "swiss"]
[EventRounds "9"]
[EventCountry "SWE"]
[SourceTitle "CBM 152 Extra"]
[Source "ChessBase"]
[SourceDate "2013.02.25"]
[SourceVersion "1"]
[SourceVersionDate "2013.02.25"]
[SourceQuality "1"]

1. c4 e6 2. Nf3 Nf6 3. g3 b6 4. Bg2 Bb7 5. 0-0 Be7 6. b3 0-0 7. Bb2 d6 8. Qc2 c5 9. Nc3 Nbd7 10. Rad1 Rc8 11. Qb1 Qc7 12. d4 cxd4 13. Rxd4 Qb8 14. Rfd1 Nc5 15. Rh4 Qa8 16. Nd5 Bxd5 17. cxd5 e5 18. Nxe5 g6 19. Nc6 Qb7 20. Qc1 Ne8 21. Rc4 Bf6 22. b4 Bxb2 23. Qxb2 Na4 24. Qa1 Ng7 25. Rdc1 Rce8 26. Nd4 Re7 27. e3 b5 28. R4c2 a6 29. Nc6 Rd7 30. Bh3 f5 31. Qd4 Nb6 32. Na5 Qb8 33. Rc6 Na8 34. Rxa6 Re8 35. Rac6 1-0

[Event "Turku We TSY"]
[Site "Turku"]
[Date "2011.??.??"]
[Round "2"]
[White "Alkkiomaki, Jyrki"]
[Black "Savola, Laura"]
[Result "1/2-1/2"]
[WhiteElo "2048"]
[BlackElo "2094"]
[PlyCount "87"]
[EventDate "2011.??.??"]
[EventType "swiss"]
[EventRounds "5"]
[EventCountry "FIN"]
[SourceTitle "EXT 2022"]
[Source "ChessBase"]
[SourceDate "2021.10.06"]
[SourceVersion "1"]
[SourceVersionDate "2021.10.06"]
[SourceQuality "1"]

1. e4 e6 2. d4 d5 3. Nc3 Bb4 4. e5 c5 5. a3 Bxc3+ 6. bxc3 Ne7 7. Nf3 Bd7 8. a4 Nbc6 9. Bb5 Rc8 10. Ba3 cxd4 11. cxd4 Na5 12. Bd3 Nc4 13. 0-0 Nxa3 14. Rxa3 Nc6 15. c3 Na5 16. Qb1 Qe7 17. Qa1 0-0 18. Nd2 Rc7 19. Ra2 Rfc8 20. Rc1 f6 21. Qb1 f5 22. Nb3 Nc4 23. a5 Be8 24. Nc5 g6 25. Re1 b6 26. axb6 axb6 27. Na6 Rb7 28. Bxc4 Rxc4 29. Rb2 Rxc3 30. Rxb6 Rxb6 31. Qxb6 Rc6 32. Qa5 Rc2 33. g3 Qg5 34. Nc5 Bf7 35. h4 Qd2 36. Qd8+ Kg7 37. Qf6+ Kg8 38. Rf1 Qxd4 39. Nxe6 Bxe6 40. Qxe6+ Kg7 41. Qd7+ Kh6 42. e6 Re2 43. Qe7 Qb6 44. Qg5+ 1/2-1/2

[Event "Turku We TSY"]
[Site "Turku"]
[Date "2011.??.??"]
[Round "5"]
[White "Sinervuo, Veli Pekka"]
[Black "Savola, Laura"]
[Result "1/2-1/2"]
[WhiteElo "1985"]
[BlackElo "2094"]
[PlyCount "46"]
[EventDate "2011.??.??"]
[EventType "swiss"]
[EventRounds "5"]
[EventCountry "FIN"]
[SourceTitle "EXT 2022"]
[Source "ChessBase"]
[SourceDate "2021.10.06"]
[SourceVersion "1"]
[SourceVersionDate "2021.10.06"]
[SourceQuality "1"]

1. d4 d5 2. c4 c6 3. Nf3 e6 4. cxd5 cxd5 5. Nc3 Bd6 6. e4 dxe4 7. Nxe4 Bb4+ 8. Bd2 Bxd2+ 9. Qxd2 Nf6 10. Bb5+ Nc6 11. Nxf6+ Qxf6 12. Ne5 0-0 13. Nxc6 bxc6 14. Bxc6 Rb8 15. 0-0 Rd8 16. Rfd1 Bb7 17. Bxb7 Rxb7 18. Qc3 Rbd7 19. Kf1 Rxd4 20. Rxd4 Rxd4 21. Rc1 g6 22. h3 Kg7 23. Qe3 Ra4 1/2-1/2

[Event "FIN-chT1B 1011"]
[Site "Finland"]
[Date "2010.09.18"]
[Round "1.2"]
[White "Savola, Laura"]
[Black "Korhonen, Pasi"]
[Result "0-1"]
[WhiteElo "2098"]
[BlackElo "2101"]
[PlyCount "60"]
[EventDate "2010.09.18"]
[EventType "team-tourn"]
[EventRounds "9"]
[EventCountry "FIN"]
[SourceTitle "EXT 2022"]
[Source "ChessBase"]
[SourceDate "2021.10.06"]
[SourceVersion "1"]
[SourceVersionDate "2021.10.06"]
[SourceQuality "1"]
[WhiteTeam "Pori PSY"]
[BlackTeam "Espoo ESK"]
[WhiteTeamCountry "FIN"]
[BlackTeamCountry "FIN"]

1. d4 Nf6 2. c4 e6 3. Nf3 b6 4. g3 Ba6 5. b3 Bb4+ 6. Bd2 Be7 7. Bg2 d5 8. 0-0 c6 9. Ne5 Nfd7 10. Nd3 0-0 11. Nb4 Bb7 12. Bc3 Qc7 13. Nd2 c5 14. Nc2 dxc4 15. Bxb7 Qxb7 16. Nxc4 Rd8 17. Qc1 Nc6 18. Rd1 h5 19. dxc5 Nxc5 20. Nd4 Ne4 21. Nxc6 Rxd1+ 22. Qxd1 Qxc6 23. Bd4 Rd8 24. e3 Qd5 25. Qf3 Bf6 26. Bxf6 gxf6 27. Rc1 b5 28. Nb2 Qe5 29. Rd1 Nd2 30. Qe2 Qxb2 0-1

[Event "Arctic Chess Challenge"]
[Site "Tromsoe"]
[Date "2010.08.08"]
[Round "9"]
[White "Ramondino, Renzo"]
[Black "Savola, Laura"]
[Result "0-1"]
[WhiteElo "2289"]
[BlackElo "2107"]
[PlyCount "70"]
[EventDate "2010.07.31"]
[EventType "swiss"]
[EventRounds "9"]
[EventCountry "NOR"]
[SourceTitle "CBM 137 Extra"]
[Source "ChessBase"]
[SourceDate "2010.09.01"]
[SourceVersion "1"]
[SourceVersionDate "2010.09.01"]
[SourceQuality "1"]

1. d4 d5 2. c4 c6 3. Nf3 e6 4. Qc2 Nf6 5. g3 dxc4 6. Qxc4 b5 7. Qc2 Bb7 8. Bg2 Nbd7 9. Ne5 Nxe5 10. dxe5 Nd5 11. 0-0 Be7 12. Nc3 Rc8 13. Rd1 Qc7 14. f4 0-0 15. Ne4 c5 16. Nd6 Bxd6 17. exd6 Qxd6 18. e4 Nb4 19. Qe2 Qc6 20. a3 Na6 21. Be3 c4 22. Bxa7 Nc5 23. Bxc5 Qxc5+ 24. Qf2 Qxf2+ 25. Kxf2 c3 26. b4 c2 27. Rdc1 Rfd8 28. Bf1 Bxe4 29. Bxb5 f5 30. Ke2 Rd5 31. Ba4 Rcd8 32. Ke1 Rd2 33. b5 Rxh2 34. b6 Rdd2 35. Bxc2 Rdg2 0-1

[Event "Arctic Chess Challenge"]
[Site "Tromsoe"]
[Date "2010.07.31"]
[Round "1"]
[White "Savola, Laura"]
[Black "Abbasov, Farid"]
[Result "0-1"]
[WhiteElo "2107"]
[BlackElo "2549"]
[PlyCount "56"]
[EventDate "2010.07.31"]
[EventType "swiss"]
[EventRounds "9"]
[EventCountry "NOR"]
[SourceTitle "CBM 137 Extra"]
[Source "ChessBase"]
[SourceDate "2010.09.01"]
[SourceVersion "1"]
[SourceVersionDate "2010.09.01"]
[SourceQuality "1"]

1. d4 Nf6 2. Nf3 g6 3. Bg5 Bg7 4. Nbd2 d5 5. e3 0-0 6. Bd3 c5 7. c3 Qb6 8. Qb1 Nc6 9. 0-0 Re8 10. Rd1 e5 11. dxe5 Ng4 12. Bf6 Nxf6 13. exf6 Bxf6 14. e4 d4 15. cxd4 Nxd4 16. Nxd4 Bxd4 17. Nc4 Qf6 18. Qc2 Bg4 19. Re1 Rad8 20. Ne3 Be6 21. Nc4 Qxf2+ 22. Qxf2 Bxf2+ 23. Kxf2 Rxd3 24. Rac1 b5 25. Ne5 Rd2+ 26. Ke3 Rxg2 27. Rxc5 Rxb2 28. h4 h5 0-1

[Event "FIN-chT1C 0910"]
[Site "Finland"]
[Date "2010.??.??"]
[Round "7.2"]
[White "Savola, Laura"]
[Black "Linqvist, Grels"]
[Result "0-1"]
[WhiteElo "2090"]
[BlackElo "2039"]
[PlyCount "98"]
[EventDate "2009.09.19"]
[EventType "team-tourn"]
[EventRounds "7"]
[EventCountry "FIN"]
[SourceTitle "EXT 2022"]
[Source "ChessBase"]
[SourceDate "2021.10.06"]
[SourceVersion "1"]
[SourceVersionDate "2021.10.06"]
[SourceQuality "1"]
[WhiteTeam "Pori PSY"]
[BlackTeam "Vaasa VSS"]
[WhiteTeamCountry "FIN"]
[BlackTeamCountry "FIN"]

1. d4 d5 2. c4 c6 3. cxd5 cxd5 4. Nc3 Nc6 5. Nf3 Nf6 6. Bf4 a6 7. e3 Bg4 8. Qb3 Bxf3 9. gxf3 Na5 10. Qa4+ Nc6 11. Rc1 e6 12. Rg1 Nh5 13. Be5 f6 14. Bg3 Kf7 15. Bh3 g6 16. Ke2 Ng7 17. Qb3 Na5 18. Qd1 Rc8 19. Na4 Rxc1 20. Qxc1 Nc6 21. Qc3 h5 22. Qc2 h4 23. Bc7 Qxc7 24. Qxg6+ Ke7 25. Qxg7+ Bxg7 26. Rxg7+ Kd6 27. Rxc7 Kxc7 28. Bxe6 Kd6 29. Bg4 Ne7 30. e4 Rb8 31. Nc5 Nc6 32. Ke3 dxe4 33. fxe4 Ke7 34. f4 a5 35. d5 Nd8 36. e5 fxe5 37. fxe5 Nf7 38. Kd4 b6 39. Ne4 Rg8 40. d6+ Kd8 41. Nf6 Rg5 42. e6 Nxd6 43. h3 Nb5+ 44. Ke4 Nc7 45. Kf4 Rb5 46. b3 Ke7 47. Ng8+ Kd6 48. Be2 Nxe6+ 49. Kg4 Rg5+ 0-1

[Event "Helsinki We HSK Eero Book 100 5th"]
[Site "Helsinki"]
[Date "2010.??.??"]
[Round "4"]
[White "Savola, Laura"]
[Black "Luukkonen, Tommi"]
[Result "0-1"]
[WhiteElo "2083"]
[BlackElo "2301"]
[PlyCount "42"]
[EventDate "2010.??.??"]
[EventType "swiss"]
[EventRounds "5"]
[EventCountry "FIN"]
[SourceTitle "EXT 2022"]
[Source "ChessBase"]
[SourceDate "2021.10.06"]
[SourceVersion "1"]
[SourceVersionDate "2021.10.06"]
[SourceQuality "1"]

1. d4 Nf6 2. Nf3 g6 3. c4 Bg7 4. Nc3 d5 5. cxd5 Nxd5 6. e4 Nxc3 7. bxc3 c5 8. Be2 Qa5 9. Bd2 Bg4 10. 0-0 0-0 11. Rb1 Qxa2 12. Rxb7 cxd4 13. cxd4 Bxf3 14. Bxf3 Bxd4 15. Qc1 Na6 16. Bg4 Nc5 17. Rxe7 Nd3 18. Qd1 Rad8 19. Be3 Nxf2 20. Bxd4 Nxd1 21. Be6 Qxe6 0-1

[Event "EU-chT (Women) 08th"]
[Site "Novi Sad"]
[Date "2009.10.24"]
[Round "3"]
[White "Savola, Laura"]
[Black "Kosintseva, Nadezhda"]
[Result "0-1"]
[WhiteElo "2090"]
[BlackElo "2493"]
[PlyCount "72"]
[EventDate "2009.10.22"]
[EventType "team-swiss"]
[EventRounds "9"]
[EventCountry "YUG"]
[SourceTitle "EXT 2010"]
[Source "ChessBase"]
[SourceDate "2010.11.25"]
[SourceVersion "1"]
[SourceVersionDate "2010.11.25"]
[SourceQuality "1"]
[WhiteTeam "Finland (W)"]
[BlackTeam "Russia (W)"]
[WhiteTeamCountry "FIN"]
[BlackTeamCountry "RUS"]

1. d4 Nf6 2. c4 e6 3. Nc3 d5 4. Nf3 Bb4 5. Qc2 dxc4 6. e3 b5 7. Nd2 a6 8. a4 c6 9. axb5 Bxc3 10. Qxc3 cxb5 11. Be2 Bb7 12. 0-0 0-0 13. b3 Nd5 14. Qc2 c3 15. Ne4 Nd7 16. Nd6 Qc7 17. Nxb7 Qxb7 18. e4 N5f6 19. Bd3 h6 20. f4 Rac8 21. e5 Nd5 22. Be4 f5 23. exf6 N7xf6 24. f5 Qb6 25. Rd1 Nxe4 26. Qxe4 Rxf5 27. Rd3 Rcf8 28. Be3 b4 29. Re1 Nf6 30. Qh4 Qb5 31. Rdd1 Qd5 32. Rd3 Qxb3 33. d5 exd5 34. Bxh6 Rh5 35. Qd4 Rxh6 36. Rg3 Qc4 0-1

[Event "Heart of Finland op 19th"]
[Site "Jyvaskyla"]
[Date "2009.07.12"]
[Round "9"]
[White "Savola, Laura"]
[Black "Michielsen, Joost"]
[Result "0-1"]
[WhiteElo "2052"]
[BlackElo "2359"]
[PlyCount "46"]
[EventDate "2009.07.07"]
[EventType "swiss"]
[EventRounds "9"]
[EventCountry "FIN"]
[SourceTitle "CBM 131 Extra"]
[Source "ChessBase"]
[SourceDate "2009.09.03"]
[SourceVersion "2"]
[SourceVersionDate "2009.09.16"]
[SourceQuality "1"]

1. d4 Nf6 2. Nf3 g6 3. c4 Bg7 4. Nc3 d5 5. Qb3 dxc4 6. Qxc4 0-0 7. e4 a6 8. Be3 b5 9. Qb3 Bb7 10. e5 Ng4 11. Be2 c5 12. Rd1 Nxe3 13. fxe3 Bh6 14. Kf2 e6 15. a4 b4 16. Nb1 cxd4 17. Rxd4 Bd5 18. Qc2 Qb6 19. Rc1 Nc6 20. Nbd2 Nxd4 21. exd4 Bxf3 22. Bxf3 Qxd4+ 23. Ke1 Rac8 0-1

[Event "Heart of Finland op 19th"]
[Site "Jyvaskyla"]
[Date "2009.07.10"]
[Round "6"]
[White "Koskela, Niina"]
[Black "Savola, Laura"]
[Result "1/2-1/2"]
[WhiteElo "2236"]
[BlackElo "2052"]
[PlyCount "81"]
[EventDate "2009.07.07"]
[EventType "swiss"]
[EventRounds "9"]
[EventCountry "FIN"]
[SourceTitle "CBM 131 Extra"]
[Source "ChessBase"]
[SourceDate "2009.09.03"]
[SourceVersion "2"]
[SourceVersionDate "2009.09.16"]
[SourceQuality "1"]

1. e4 e6 2. d3 d5 3. Nd2 Nf6 4. Ngf3 Nc6 5. e5 Nd7 6. d4 f6 7. Bb5 fxe5 8. dxe5 a6 9. Bxc6 bxc6 10. c4 Bc5 11. Qa4 Bb7 12. b4 Ba7 13. c5 a5 14. Nb3 axb4 15. Qxb4 Ba6 16. Qg4 Qe7 17. Bg5 Qf7 18. Be3 0-0 19. h4 Bc4 20. Rc1 Qe7 21. Rxc4 dxc4 22. Qxc4 Rf5 23. Nbd4 Rxf3 24. gxf3 Nxe5 25. Qxe6+ Qxe6 26. Nxe6 Re8 27. Nf4 Nc4 28. Nd3 Nxe3 29. fxe3 Rxe3+ 30. Kd2 Rxf3 31. Kc2 Rf5 32. Rc1 Bxc5 33. Kb3 Bb6 34. Rxc6 Rd5 35. Nb4 Rd4 36. Na6 Rxh4 37. Nxc7 Rh6 38. Rxh6 gxh6 39. Nd5 Bd8 40. Kc4 h5 41. Nf4 1/2-1/2

[Event "Heart of Finland op 19th"]
[Site "Jyvaskyla"]
[Date "2009.07.10"]
[Round "7"]
[White "Savola, Laura"]
[Black "Op den Kelder, Joram"]
[Result "1/2-1/2"]
[WhiteElo "2052"]
[BlackElo "2293"]
[PlyCount "91"]
[EventDate "2009.07.07"]
[EventType "swiss"]
[EventRounds "9"]
[EventCountry "FIN"]
[SourceTitle "CBM 131 Extra"]
[Source "ChessBase"]
[SourceDate "2009.09.03"]
[SourceVersion "2"]
[SourceVersionDate "2009.09.16"]
[SourceQuality "1"]

1. d4 d5 2. c4 dxc4 3. e3 Nf6 4. Bxc4 e6 5. Nf3 c5 6. 0-0 a6 7. a4 Nc6 8. Nc3 cxd4 9. exd4 Be7 10. Bf4 0-0 11. Qd2 Nb4 12. h3 Bd7 13. Rfe1 Rc8 14. Bb3 Bc6 15. Ne5 Bd5 16. Nxd5 Nbxd5 17. Nd3 Qb6 18. Bxd5 Nxd5 19. Be3 Bb4 20. Nxb4 Qxb4 21. Rec1 Rc4 22. Rxc4 Qxc4 23. a5 Rc8 24. Rc1 Qxc1+ 25. Qxc1 Rxc1+ 26. Bxc1 Nb4 27. Bd2 Nd3 28. b3 e5 29. dxe5 Nxe5 30. Kf1 f5 31. Ke2 Kf7 32. Bc3 Nd7 33. Bd4 g6 34. Ke3 Nb8 35. Bc3 Nd7 36. Bd4 Ke6 37. Kf4 h6 38. h4 Nf6 39. Bxf6 Kxf6 40. Ke3 Ke5 41. f4+ Kd5 42. Kd3 Kc5 43. Kc3 Kd5 44. Kd3 Kc5 45. Kc3 Kd5 46. Kd3 1/2-1/2

[Event "Turku We TuTS"]
[Site "Turku"]
[Date "2009.??.??"]
[Round "1"]
[White "Karttunen, Mika"]
[Black "Savola, Laura"]
[Result "1-0"]
[WhiteElo "2411"]
[BlackElo "2035"]
[PlyCount "67"]
[EventDate "2009.??.??"]
[EventType "swiss"]
[EventRounds "5"]
[EventCountry "FIN"]
[SourceTitle "EXT 2022"]
[Source "ChessBase"]
[SourceDate "2021.10.06"]
[SourceVersion "1"]
[SourceVersionDate "2021.10.06"]
[SourceQuality "1"]

1. d4 d5 2. Nf3 c6 3. g3 Nf6 4. Bg2 e6 5. 0-0 Nbd7 6. Bf4 b6 7. Nbd2 Bb7 8. c4 Be7 9. Ne5 Nxe5 10. Bxe5 0-0 11. e4 Rc8 12. Rc1 dxc4 13. Nxc4 b5 14. Nd2 c5 15. Bxf6 Bxf6 16. dxc5 Bxb2 17. Rc2 Bf6 18. Qe2 Qd7 19. Rb1 a6 20. Nb3 Rfd8 21. Na5 Ba8 22. c6 Qc7 23. Qe1 Bd4 24. Rbc1 e5 25. Bh3 Rb8 26. Bd7 Bb6 27. Nb3 h6 28. Nc5 Qa7 29. Qe2 Bxc6 30. Bxc6 Rbc8 31. Nd3 Bd4 32. Bd5 Rxc2 33. Qxc2 a5 34. Qc7 1-0

[Event "Turku We TuTS"]
[Site "Turku"]
[Date "2009.??.??"]
[Round "5"]
[White "Savola, Laura"]
[Black "Julkunen, Tapio"]
[Result "0-1"]
[WhiteElo "2035"]
[BlackElo "1988"]
[PlyCount "62"]
[EventDate "2009.??.??"]
[EventType "swiss"]
[EventRounds "5"]
[EventCountry "FIN"]
[SourceTitle "EXT 2022"]
[Source "ChessBase"]
[SourceDate "2021.10.06"]
[SourceVersion "1"]
[SourceVersionDate "2021.10.06"]
[SourceQuality "1"]

1. d4 d5 2. c4 e6 3. Nc3 Nf6 4. Bg5 Nbd7 5. e3 c6 6. Nf3 Be7 7. Rc1 0-0 8. Bd3 dxc4 9. Bxc4 Nd5 10. Bxe7 Qxe7 11. 0-0 Nxc3 12. Rxc3 e5 13. dxe5 Nxe5 14. Nxe5 Qxe5 15. f4 Qf6 16. e4 Be6 17. e5 Qe7 18. Bd3 g6 19. f5 gxf5 20. Bxf5 Bxf5 21. Rxf5 f6 22. exf6 Rxf6 23. Rg5+ Kh8 24. h3 Raf8 25. Rcg3 Rf1+ 26. Qxf1 Rxf1+ 27. Kxf1 Qf7+ 28. Rf3 Qc4+ 29. Kf2 Qd4+ 30. Kg3 Qd6+ 31. Kf2 Qd2+ 0-1

[Event "Tampere We TammerSh 1st"]
[Site "Tampere"]
[Date "2009.??.??"]
[Round "1"]
[White "Savola, Laura"]
[Black "Kiltti, Jyrki"]
[Result "0-1"]
[WhiteElo "2049"]
[BlackElo "2224"]
[PlyCount "62"]
[EventDate "2009.??.??"]
[EventType "swiss"]
[EventRounds "5"]
[EventCountry "FIN"]
[SourceTitle "EXT 2011"]
[Source "ChessBase"]
[SourceDate "2010.11.26"]
[SourceVersion "1"]
[SourceVersionDate "2010.11.26"]
[SourceQuality "1"]

1. d4 Nf6 2. Nf3 e6 3. c4 b6 4. g3 Bb7 5. Bg2 Be7 6. 0-0 0-0 7. Nc3 Ne4 8. Qc2 Nxc3 9. Qxc3 d6 10. b3 Nd7 11. Bb2 f5 12. Qe3 Kf7 13. Ne5+ Nxe5 14. Bxb7 Rb8 15. Bg2 Ng4 16. Qd3 Kg8 17. e4 Qd7 18. exf5 exf5 19. Bd5+ Kh8 20. Rae1 Rf6 21. h3 Nh6 22. Bc6 Qxc6 23. Rxe7 d5 24. cxd5 Qd6 25. Rfe1 f4 26. R7e6 fxg3 27. fxg3 Qxd5 28. Rxf6 gxf6 29. Re7 Nf5 30. Rxc7 Re8 31. Kf2 a5 0-1